MyGZULibrary

A minute to midnight / (Record no. 10646)

MARC details
000 -LEADER
fixed length control field 04066cam a2200781 i 4500
001 - CONTROL NUMBER
control field 21467558
003 - CONTROL NUMBER IDENTIFIER
control field GZU
005 - DATE AND TIME OF LATEST TRANSACTION
control field 20220630122717.0
008 - FIXED-LENGTH DATA ELEMENTS--GENERAL INFORMATION
fixed length control field 200312t20192019nyu 000 1 eng d
010 ## - LIBRARY OF CONGRESS CONTROL NUMBER
LC control number 2020288317
020 ## - INTERNATIONAL STANDARD BOOK NUMBER
International Standard Book Number 9781538761601
Qualifying information (hardcover)
020 ## - INTERNATIONAL STANDARD BOOK NUMBER
International Standard Book Number 9781509874453
Qualifying information (hardcover)
020 ## - INTERNATIONAL STANDARD BOOK NUMBER
International Standard Book Number 9781538761632
Qualifying information (paperback)
020 ## - INTERNATIONAL STANDARD BOOK NUMBER
Canceled/invalid ISBN 9781538717905
Qualifying information (signed edition)
020 ## - INTERNATIONAL STANDARD BOOK NUMBER
Canceled/invalid ISBN 9781538733998
Qualifying information (International trade)
020 ## - INTERNATIONAL STANDARD BOOK NUMBER
Canceled/invalid ISBN 9781538761625
Qualifying information (ebook)
035 ## - SYSTEM CONTROL NUMBER
System control number (OCoLC)on1126278726
040 ## - CATALOGING SOURCE
Original cataloging agency NjBwBT
Language of cataloging eng
Transcribing agency OQX
Description conventions rda
Modifying agency OQX
-- OCLCQ
-- OCLCO
-- IUK
-- GL9
-- TCH
-- UAP
-- RB0
-- GO6
-- TXSCH
-- JTH
-- NDS
-- ALECL
-- OCLCF
-- OCLCO
-- CNCAR
-- OCLCO
-- T3Q
-- OCLCO
-- TXENN
-- KYC
-- OCLCO
-- QMC
-- OCLCO
-- YU6
-- DLC
042 ## - AUTHENTICATION CODE
Authentication code lccopycat
043 ## - GEOGRAPHIC AREA CODE
Geographic area code n-us-ga
050 00 - LIBRARY OF CONGRESS CALL NUMBER
Classification number PS3552.
Item number BAL 2019
100 1# - MAIN ENTRY--PERSONAL NAME
Personal name Baldacci, David,
Relator term author.
Dates associated with a name 1960 -
245 12 - TITLE STATEMENT
Title A minute to midnight /
Statement of responsibility, etc. David Baldacci.
264 #1 - PRODUCTION, PUBLICATION, DISTRIBUTION, MANUFACTURE, AND COPYRIGHT NOTICE
Place of production, publication, distribution, manufacture London; New York :
Name of producer, publisher, distributor, manufacturer Macmillan; Grand Central Publishing,
Date of production, publication, distribution, manufacture, or copyright notice [2019]
264 #4 - PRODUCTION, PUBLICATION, DISTRIBUTION, MANUFACTURE, AND COPYRIGHT NOTICE
Date of production, publication, distribution, manufacture, or copyright notice ©2019
300 ## - PHYSICAL DESCRIPTION
Extent 418 pages ;
Dimensions 24 cm.
336 ## - CONTENT TYPE
Content type term text
Content type code txt
Source rdacontent
337 ## - MEDIA TYPE
Media type term unmediated
Media type code n
Source rdamedia
338 ## - CARRIER TYPE
Carrier type term volume
Carrier type code nc
Source rdacarrier
490 1# - SERIES STATEMENT
Series statement Atlee Pine series ;
Volume/sequential designation 2
500 ## - GENERAL NOTE
General note Psychological fiction<br/>Fiction<br/>Action and adventure fiction<br/>Thrillers (Fiction)<br/>Romans, nouvelles, etc
520 ## - SUMMARY, ETC.
Summary, etc. Atlee Pine has spent most of her life trying to find out what happened one fateful night in Andersonville, Georgia. Her six-year-old twin sister, Mercy, was taken and Atlee was left for dead while their parents were apparently partying downstairs. One person who continues to haunt her is notorious serial killer, Daniel James Tor, confined to a Colorado maximum security prison. Does he really know what happened to Mercy? The family moved away. The parents divorced. And Atlee chose a career with the FBI dedicating her life to catching those who hurt others. When she oversteps the mark on the arrest of a dangerous criminal, she's given a leave of absence, offering the perfect opportunity to return to where it all began and find some answers. But the trip to Andersonville turns into a roller-coaster ride of murder, long-buried secrets, and lies. And a revelation so personal that everything she once believed to be true is fast turning to dust.
650 #0 - SUBJECT ADDED ENTRY--TOPICAL TERM
Topical term or geographic name entry element Missing persons
Form subdivision Fiction.
650 #0 - SUBJECT ADDED ENTRY--TOPICAL TERM
Topical term or geographic name entry element Serial murders
Form subdivision Fiction.
650 #0 - SUBJECT ADDED ENTRY--TOPICAL TERM
Topical term or geographic name entry element Twin sisters
Form subdivision Fiction.
650 #0 - SUBJECT ADDED ENTRY--TOPICAL TERM
Topical term or geographic name entry element Family secrets
Form subdivision Fiction.
650 #0 - SUBJECT ADDED ENTRY--TOPICAL TERM
Topical term or geographic name entry element Secrecy
Form subdivision Fiction.
650 #0 - SUBJECT ADDED ENTRY--TOPICAL TERM
Topical term or geographic name entry element Small cities
Form subdivision Fiction.
650 #0 - SUBJECT ADDED ENTRY--TOPICAL TERM
Topical term or geographic name entry element Murder
General subdivision Investigation
Form subdivision Fiction.
650 #7 - SUBJECT ADDED ENTRY--TOPICAL TERM
Topical term or geographic name entry element FICTION / Thrillers / Suspense.
Source of heading or term bisacsh
650 #7 - SUBJECT ADDED ENTRY--TOPICAL TERM
Topical term or geographic name entry element FICTION / Action & Adventure.
Source of heading or term bisacsh
650 #7 - SUBJECT ADDED ENTRY--TOPICAL TERM
Topical term or geographic name entry element FICTION / Mystery & Detective / International Crime & Mystery.
Source of heading or term bisacsh
650 #7 - SUBJECT ADDED ENTRY--TOPICAL TERM
Topical term or geographic name entry element Family secrets.
Source of heading or term fast
Authority record control number or standard number (OCoLC)fst01737651
650 #7 - SUBJECT ADDED ENTRY--TOPICAL TERM
Topical term or geographic name entry element Missing persons.
Source of heading or term fast
Authority record control number or standard number (OCoLC)fst01023702
650 #7 - SUBJECT ADDED ENTRY--TOPICAL TERM
Topical term or geographic name entry element Murder
General subdivision Investigation.
Source of heading or term fast
Authority record control number or standard number (OCoLC)fst01029788
650 #7 - SUBJECT ADDED ENTRY--TOPICAL TERM
Topical term or geographic name entry element Secrecy.
Source of heading or term fast
Authority record control number or standard number (OCoLC)fst01110644
650 #7 - SUBJECT ADDED ENTRY--TOPICAL TERM
Topical term or geographic name entry element Serial murders.
Source of heading or term fast
Authority record control number or standard number (OCoLC)fst01113115
650 #7 - SUBJECT ADDED ENTRY--TOPICAL TERM
Topical term or geographic name entry element Small cities.
Source of heading or term fast
Authority record control number or standard number (OCoLC)fst01743749
650 #7 - SUBJECT ADDED ENTRY--TOPICAL TERM
Topical term or geographic name entry element Twin sisters.
Source of heading or term fast
Authority record control number or standard number (OCoLC)fst01762227
650 #7 - SUBJECT ADDED ENTRY--TOPICAL TERM
Topical term or geographic name entry element Murderers
Form subdivision Fiction.
Source of heading or term sears
650 #7 - SUBJECT ADDED ENTRY--TOPICAL TERM
Topical term or geographic name entry element Homicide
Form subdivision Fiction.
Source of heading or term sears
650 #7 - SUBJECT ADDED ENTRY--TOPICAL TERM
Topical term or geographic name entry element Secrecy
Form subdivision Fiction.
Source of heading or term sears
651 #0 - SUBJECT ADDED ENTRY--GEOGRAPHIC NAME
Geographic name Georgia
Form subdivision Fiction.
651 #7 - SUBJECT ADDED ENTRY--GEOGRAPHIC NAME
Geographic name Georgia.
Source of heading or term fast
Authority record control number or standard number (OCoLC)fst01204622
651 #7 - SUBJECT ADDED ENTRY--GEOGRAPHIC NAME
Geographic name Georgia
Form subdivision Fiction.
Source of heading or term sears
655 #7 - INDEX TERM--GENRE/FORM
Genre/form data or focus term Detective and mystery fiction.
Source of term fast
Authority record control number or standard number (OCoLC)fst01726581
655 #7 - INDEX TERM--GENRE/FORM
Genre/form data or focus term Fiction.
Source of term fast
Authority record control number or standard number (OCoLC)fst01423787
655 #7 - INDEX TERM--GENRE/FORM
Genre/form data or focus term Thrillers (Fiction)
Source of term fast
Authority record control number or standard number (OCoLC)fst01726755
655 #7 - INDEX TERM--GENRE/FORM
Genre/form data or focus term Suspense fiction.
Source of term gsafd
655 #7 - INDEX TERM--GENRE/FORM
Genre/form data or focus term Mystery fiction.
Source of term gsafd
655 #7 - INDEX TERM--GENRE/FORM
Genre/form data or focus term Thrillers (Fiction)
Source of term lcgft
655 #7 - INDEX TERM--GENRE/FORM
Genre/form data or focus term Detective and mystery fiction.
Source of term lcgft
655 #7 - INDEX TERM--GENRE/FORM
Genre/form data or focus term Mystery fiction.
Source of term sears
800 1# - SERIES ADDED ENTRY--PERSONAL NAME
Personal name Baldacci, David.
Title of a work Atlee Pine series ;
Volume/sequential designation 2.
906 ## - LOCAL DATA ELEMENT F, LDF (RLIN)
a 7
b cbc
c copycat
d 2
e ncip
f 20
g y-gencatlg
942 ## - ADDED ENTRY ELEMENTS (KOHA)
Source of classification or shelving scheme Library of Congress Classification
Koha item type Books
Classification part 3552
Item part BAL
Call number prefix PS
Holdings
Withdrawn status Lost status Source of classification or shelving scheme Damaged status Not for loan Collection code Home library Current library Shelving location Date acquired Source of acquisition Total Checkouts Total Renewals Full call number Barcode Date last seen Date last checked out Copy number Price effective from Koha item type
    Library of Congress Classification     Fiction City Campus Library Law Library General Stacks 06/30/2022 Donation from Book Aid International 3 1 PS3552 BAL 2019 032454 09/01/2025 08/08/2025 c. 1 06/30/2022 Books